00495nam a2200193 a 4500001001300000003000900013005001700022008004100039020001000080082001500090100001700105245001100122260004100133300000800174500003500182505004800217650001900265700001700284nice12345678IN_TiNIC20260116011300.0050524s1950 lona grp 000 0 eng  ac10000a270.1bSCH aSchmidt, K L aChurch aLondonbAdam and Charles Blackc1950 a69p aincludes index and biblioraphy2 aIndex of Words and References, Bibliography aChurch-History1 aSchmidt, K L